<?xml version="1.0" encoding="UTF-8"?>
<marc:record xmlns:marc="http://www.loc.gov/MARC21/slim">
   <marc:leader>00000nam a2200000 a 4500</marc:leader>
   <marc:datafield ind1="1" ind2=" " tag="100">
      <marc:subfield code="a">Büchle, Elisabeth</marc:subfield>
      <marc:subfield code="4">aut</marc:subfield>
      <marc:subfield code="e">Verfasser/-in</marc:subfield>
   </marc:datafield>
   <marc:datafield ind1=" " ind2=" " tag="653">
      <marc:subfield code="a">Softcover / Belletristik/Erzählende Literatur</marc:subfield>
   </marc:datafield>
   <marc:datafield ind1=" " ind2=" " tag="653">
      <marc:subfield code="a">Erzählende Literatur</marc:subfield>
   </marc:datafield>
   <marc:datafield ind1="0" ind2="0" tag="245">
      <marc:subfield code="a">Skarabäus und Schmetterling</marc:subfield>
   </marc:datafield>
   <marc:datafield ind1="0" ind2="0" tag="245">
      <marc:subfield code="b">Roman</marc:subfield>
   </marc:datafield>
   <marc:datafield ind1="0" ind2="0" tag="245">
      <marc:subfield code="c">Elisabeth Büchle</marc:subfield>
   </marc:datafield>
   <marc:datafield ind1=" " ind2="1" tag="264">
      <marc:subfield code="a">Asslar</marc:subfield>
      <marc:subfield code="b">GerthMedien</marc:subfield>
      <marc:subfield code="c">2015</marc:subfield>
   </marc:datafield>
   <marc:datafield ind1=" " ind2=" " tag="250">
      <marc:subfield code="a">1. Aufl.</marc:subfield>
   </marc:datafield>
   <marc:datafield ind1="1" ind2=" " tag="520">
      <marc:subfield code="a">Angaben aus der Verlagsmeldung

Skarabäus und Schmetterling : Roman. / von Elisabeth Büchle

Die junge Sarah reist im Jahr 1922 nach Ägypten, wo sie die aufsehenerregenden Ausgrabungsstätten des
Archäologen Howard Carter besucht. Doch Sarah scheint Missgeschicke und Unfälle anzuziehen ... Oder steckt jemand dahinter, der ihr schaden will? Aber warum? Als Howard Carter dann tatsächlich die Grabanlage des Pharao Tutanchamun findet, gerät Sarah in höchste Gefahr ...

90 Jahre später in Berlin: Immer wieder tauchen Tutanchamun-Artefakte auf dem Schwarzmarkt auf. Auch Rahel, die als Praktikantin im Berliner "Neuen Museum" arbeitet, gerät unter Verdacht. Bald wird sie von Europol verfolgt und flieht in Begleitung des Historikers Daniel und seiner Frau Emma nach Kairo, um herauszufinden, was damals wirklich geschehen ist ...

Ein packender Roman, der in die Welt der Pharaonen entführt.
</marc:subfield>
   </marc:datafield>
   <marc:datafield ind1=" " ind2=" " tag="020">
      <marc:subfield code="a">9783957340139</marc:subfield>
      <marc:subfield code="9">9783957340139</marc:subfield>
   </marc:datafield>
   <marc:datafield ind1=" " ind2=" " tag="020">
      <marc:subfield code="a">3957340136</marc:subfield>
      <marc:subfield code="9">3957340136</marc:subfield>
   </marc:datafield>
   <marc:datafield ind1=" " ind2=" " tag="041">
      <marc:subfield code="a">ger</marc:subfield>
   </marc:datafield>
   <marc:datafield ind1=" " ind2=" " tag="300">
      <marc:subfield code="a">575 S.</marc:subfield>
   </marc:datafield>
</marc:record>
